| 000 | 00000nam 2200000zi 4500 |
| 001 | 9.902604 |
| 003 | CaOODSP |
| 005 | 20250403110437 |
| 006 | m o d f |
| 007 | cr ||||||||||| |
| 008 | 210817e20221102onc o f000 0 fre d |
| 020 | |a9780660400686 |
| 040 | |aCaOODSP|bfre|erda|cCaOODSP |
| 043 | |an-cn--- |
| 086 | 1 |aCS12-583/2021-1F-PDF |
| 245 | 00|aClassification nationale des professions (CNP) 2021 version 1.0. |
| 264 | 1|a[Ottawa] : |bStatistique Canada = Statistics Canada, |c2 novembre 2022. |
| 264 | 4|c©2022 |
| 300 | |a1 ressource en ligne (1409 pages) |
| 336 | |atexte|btxt|2rdacontent/fre |
| 337 | |ainformatique|bc|2rdamedia/fre |
| 338 | |aressource en ligne|bcr|2rdacarrier/fre |
| 500 | |aPublié aussi en anglais sous le titre : National occupational classification (NOC) 2021 version 1.0. |
| 500 | |a« Date de diffusion : le 21 septembre 2021. » |
| 650 | 6|aProfessions|zCanada|vClassification. |
| 710 | 2 |aStatistique Canada, |eorganisme de publication. |
| 775 | 08|tNational Occupational Classification (NOC) 2021 version 1.0.|w(CaOODSP)9.902602 |
| 795 | |tClassification nationale des professions (CNP) 2016 version 1.3.|w(CaOODSP)9.888872 |
| 856 | 40|qPDF|s7.89 Mo|uhttps://publications.gc.ca/collections/collection_2023/statcan/12-583-x2021001-fra.pdf |
| 856 | 4 |qHTML|sS.O.|uhttps://www.statcan.gc.ca/fr/sujets/norme/cnp/2021/introductionV1 |